Вербальна та невербальна форми реалізації категорії згоди/незгоди в англомовному акті у контексті міжкультурної комунікації (Запис № 285390)

МАРК-запис
000 -LEADER
fixed length control field 02395nam a22001577a 4500
041 ## - LANGUAGE CODE
Language code of text/sound track or separate title ukr
080 ## - UNIVERSAL DECIMAL CLASSIFICATION NUMBER
Universal Decimal Classification number 09
090 ## - LOCALLY ASSIGNED LC-TYPE CALL NUMBER (OCLC); LOCAL CALL NUMBER (OCLC)
Local cutter number (OCLC) ; Book number/undivided call number, CALL (RLIN) НАЛ
100 ## - MAIN ENTRY--PERSONAL NAME
Personal name Наливайко, А. Р.
245 ## - TITLE STATEMENT
Title Вербальна та невербальна форми реалізації категорії згоди/незгоди в англомовному акті у контексті міжкультурної комунікації
260 ## - PUBLICATION, DISTRIBUTION, ETC. (IMPRINT)
Place of publication, distribution, etc Острог
Name of publisher, distributor, etc КАФ
Date of publication, distribution, etc 2014
300 ## - PHYSICAL DESCRIPTION
Extent 102
520 ## - SUMMARY, ETC.
Summary, etc Вступ.<br/>Розділ І. Соціально-психологічні аспекти вербального та невербального спілкування у контексті міжкультурної комунікації.<br/>1.1. Вербальна комунікація. Поняття, основні ознаки та психологічні особливості<br/>1.2. Невербальна комунікація. Характеристика, класифікація та компоненти невербальних засобів спілкування<br/>1.3. Міжкультурна комунікація в умовах глобалізації. Порівняльний аналіз комунікативних жестів різних країн світу<br/>Розділ ІІ. Вербальна та невербальна форми реалізації категорій згоди та незгоди в англомовному комунікативному акті.<br/>2.1. Вербальні форми реалізації категорії згоди/незгоди. Імпліцитні та експліцитні висловлювання у системі англомовних комунікативних актів<br/>2.2. Реалізація невербальних засобів концепції згоди/незгоди в контексті англомовного комунікативного акту<br/>2.3. Аналіз способів невнрбальної передачі концепції згоди/незгоди в англомовному комунікативному акті українцями та канадцями<br/>Висновки.<br/>Список використаних джерел.<br/>Додатки.
-- вербальне, невербальне, комунікація
650 ## - SUBJECT ADDED ENTRY--TOPICAL TERM
Topical term or geographic name as entry element Research Papers
942 ## - ADDED ENTRY ELEMENTS (KOHA)
Koha item type Книги
Фонди
Withdrawn status Lost status Source of classification or shelving scheme Damaged status Not for loan Home library Current library Date acquired Source of acquisition Cost, normal purchase price Total Checkouts Full call number Barcode Date last seen Price effective from Koha item type
    Universal Decimal Classification     ВІЛ - Відділ іноземн. літератури НБ ВІЛ - Відділ іноземн. літератури НБ 17/06/2014 Акт №8 1.00   09 215613 09/11/2021 17/06/2014 Книги